المدرسة و المجتمع / (رقم التسجيلة. 124058)

تفاصيل مارك
000 -الفاتح
عناصر البيانات ثابتة الطول 00661cam a2200205 i 4500
005 - تاريخ ووقت آخر معاملة
حقل ضبط 20260129104619.0
008 - عناصر البيانات ثابتة الطول
عناصر البيانات ثابتة الطول 250721s2012 jo gr 000 0 ara d
020 ## - الترقيم الدولي المعياري للكتب (ردمك)
الترقيم الدولي المعياري للكتب (ردمك) 97899574578
082 14 - رقم تصنيف ديوي العشري
رقم التصنيف 371.1
رقم المادة ب ر ب
100 1# - مدخل رئيسي – اسم شخصي
الاسم الشخصي بربخ، فرحان
علاقة الشخص بالعمل/ دوره مؤلف.
245 10 - بيان العنوان
العنوان المدرسة و المجتمع /
بيان المسؤولية تأليف فرحان حسن بربخ.
250 ## - بيان الطبعة
بيان الطبعة الطبعة الاولى.
264 31 - بيانات النشر، التوزيع…إلخ
مكان النشر، التوزيع...إلخ عمان :
اسم الناشر، الموزع...إلخ دار أسامة للنشر والتوزيع،
تاريخ النشر، التوزيع...إلخ 2012.
300 ## - الوصف المادي
عدد الوحدات المكونة للوعاء 224 صفحة.
650 17 - مدخل إضافي بالموضوع - مصطلح موضوعي
مصطلح موضوعي أو اسم جغرافي كعنصر مدخل التربية.
650 17 - مدخل إضافي بالموضوع - مصطلح موضوعي
مصطلح موضوعي أو اسم جغرافي كعنصر مدخل المدارس.
650 17 - مدخل إضافي بالموضوع - مصطلح موضوعي
مصطلح موضوعي أو اسم جغرافي كعنصر مدخل المجتمع.
942 ## - بيانات إضافية (كوها)
نوع التنصيف Dewey Decimal Classification
نوع المادة (كوها) كتب
المقتنيات
حالة السحب حالة الفقدان مصدر التصنيف حالة التلف غير قابل للإعارة المكتبة الرئيسية المكتبة الحالية موقع الرف تاريخ التزويد الرقم المتسلسل Total Checkouts رقم الإستدعاء الباركود تاريخ آخر ظهور تاريخ الفاتورة نوع المادة (كوها)
    Dewey Decimal Classification     المكتبة المركزية المكتبة المركزية الإعارة 28/07/2025 1498228   371.1 / ب ر ب PLD00225678 28/07/2025 28/07/2025 كتب
    Dewey Decimal Classification     المكتبة المركزية المكتبة المركزية مقتنيات قسم التزويد 28/07/2025 1498230   371.1/برب   28/07/2025 28/07/2025 كتب
    Dewey Decimal Classification     المكتبة المركزية المكتبة المركزية مقتنيات قسم التزويد 28/07/2025 1498231   371.1/برب   28/07/2025 28/07/2025 كتب
    Dewey Decimal Classification     المكتبة المركزية المكتبة المركزية مقتنيات قسم التزويد 28/07/2025 1498232   371.1/برب   28/07/2025 28/07/2025 كتب
    Dewey Decimal Classification     مكتبة أبو علندا العامة مكتبة أبو علندا العامة الإعارة 08/10/2011 1498234   371.1/برب PLD00225843 28/07/2025 08/10/2011 كتب
    Dewey Decimal Classification     مكتبة أم قصير والمقابلين العامة مكتبة أم قصير والمقابلين العامة الإعارة 08/10/2011 1498242   371.1/برب PLD00225851 28/07/2025 08/10/2011 كتب
    Dewey Decimal Classification     مكتبة الأميرة ايمان العامة مكتبة الأميرة ايمان العامة الإعارة 08/10/2011 1498233   371.1/برب PLD00225842 28/07/2025 08/10/2011 كتب
    Dewey Decimal Classification     مكتبة الاميرة بديعة مكتبة الاميرة بديعة الإعارة 08/10/2011 1498238   371.1/برب PLD00225847 28/07/2025 08/10/2011 كتب
    Dewey Decimal Classification     مكتبة الجويدة مكتبة الجويدة الإعارة 08/10/2011 1498235   371.1/برب PLD00225844 28/07/2025 08/10/2011 كتب
    Dewey Decimal Classification     مكتبة الحسن العامة مكتبة الحسن العامة الإعارة 08/10/2011 1498237   371.1/برب PLD00225846 28/07/2025 08/10/2011 كتب
    Dewey Decimal Classification     مكتبة النصر العامة مكتبة النصر العامة الإعارة 08/10/2011 1498236   371.1/برب PLD00225845 28/07/2025 08/10/2011 كتب
    Dewey Decimal Classification     مكتبة صويلح العامة مكتبة صويلح العامة الإعارة 08/10/2011 1498241   371.1/برب PLD00225850 28/07/2025 08/10/2011 كتب
    Dewey Decimal Classification     مكتبةمؤتة مكتبةمؤتة الإعارة 08/10/2011 1498239   371.1/برب PLD00225848 28/07/2025 08/10/2011 كتب
Implemented & Customized by: BBB with SCIT (Smart Chains for Information Technology)

Powered by Koha